000 00865nam a2200253Ia 4500
003 OSt
005 20220925223524.0
006 a|||||r|||| 00| 0
007 ta
008 220923b |||||||| |||| 00| 0 eng d
020 _a0750707445
_c382.5
037 _bDL/INV-CONF/08-05723, 09/03/2009, Atlantic Publisher & Distributers
_cGeneral Book
040 _aRTL
_cRTL
_beng
041 _2eng
_aeng
082 _aEb4, PO
100 _aBrause Rita S
_9289888
245 0 _aWriting your doctoral dissertation
_b Invisible rules for success.
260 _aLondon
_bRoutledge
_c2000
300 _axvi, 163p.
_ccm.
500 _aBibliography: P158-159; Appendix: P143-157
650 _aSociology
942 _hEb4, PO
_cGB
_2CC
999 _c579798
_d579798